| 000 | 01646cam a2200337 a 4500 | ||
|---|---|---|---|
| 001 | 2031243 | ||
| 005 | 20210414113911.0 | ||
| 008 | 920402s1993 dcua b i001 0 eng | ||
| 010 | _a 92014469 | ||
| 020 | _a0821321250 | ||
| 040 |
_aDLC _cDLC _dDLC |
||
| 043 | _ad------ | ||
| 050 | 0 | 0 | _aHC59.7.K4817 |
| 082 | 0 | 0 |
_a338.9/0091724 _220 |
| 100 | 1 | _aKillick, Tony. | |
| 245 | 1 | 4 |
_aThe adaptive economy : _badjustment policies in small, low-income countries / _cTony Killick. |
| 260 |
_aWashington, D.C. : _bWorld Bank, _cc1993. |
||
| 300 |
_axi, 399 p.: _bill., _c24 cm. |
||
| 440 | 0 | _aEDI development studies | |
| 500 | _a"EDI catalog no.: 400/058"--T.p. verso. | ||
| 500 | _aEconomic Development Institute of the World Bank, Overseas Development Institute"--Cover. | ||
| 504 | _aIncludes bibliographical references and index. | ||
| 505 | _aContents: Introduction -- Economic development structural flexibility -- The Flexible economy -- The Strategy of adjustment policy -- Choosing policies -- Using the exchange rate -- Markets and governments in agricultural and industrial adjustment -- Financial policies -- The Wider context of adjustment policies -- The Cost and political management of adjustment. | ||
| 650 | 0 |
_aStructural adjustment (Economic policy) _zDeveloping countries. |
|
| 710 | 2 | _aWorld Bank. | |
| 710 | 2 | _aEconomic Development Institute (Washington, D.C.) | |
| 710 | 2 | _aOverseas Development Institute (London, England) | |
| 906 |
_a7 _bcbc _corignew _d1 _eocip _f19 _gy-gencatlg |
||
| 942 |
_2lcc _cBK |
||
| 999 |
_c492 _d7992 |
||